00290 2200133 4500001002100000005001500021035002000036245003100056100001700087260001900104082000800123084001400131990001100145INLIS00000000000243020250604100959 a0010-06250000161 aPergolakan /cWildan Yatim0 aWildan Yatim aJakarta,c1992 a800 a800 WIL p a983623